[Event "OLNO 2324 SC Kreuzberg - SC Empor Potsda"]
[Site "?"]
[Date "2024.04.14"]
[Round "8.4"]
[White "Moritz, Aron"]
[Black "Jaeger, Uwe"]
[Result "1-0"]
[WhiteElo "2262"]
[BlackElo "2217"]
[PlyCount "195"]
[EventDate "2024.??.??"]

1. e4 d5 2. exd5 Qxd5 3. Nc3 Qa5 4. d4 Nf6 5. Nf3 Bf5 6. Ne5 c6 7. Bd3 Bxd3 8. Qxd3 Qa6 9. Qf3 e6 10. Bg5 Nbd7 11. Nd3 Qa5 12. Bd2 Qh5 13. Qg3 Rc8 14. O-O Qg6 15. Qf3 Bd6 16. Rfe1 O-O 17. Re2 Qh5 18. Qxh5 Nxh5 19. Ne4 Be7 20. a3 Rfd8 21. Bb4 Kf8 22. c3 Nhf6 23. Nxf6 Nxf6 24. Rd1 b6 25. Bxe7+ Kxe7 26. Ne5 Nd7 27. Nf3 b5 28. Kf1 Nb6 29. Ke1 a5 30. Ne5 Rd6 31. Nd3 Nd5 32. g3 Rb8 33. Nc5 Nb6 34. Kd2 Nd7 35. Nxd7 Rxd7 36. Rde1 c5 37. Ke3 cxd4+ 38. cxd4 Rc8 39. Rd2 Rc4 40. Ree2 Kd6 41. Rd3 Kd5 42. Rb3 Rb7 43. Rd3 Rbc7 44. Rb3 b4 45. Rd2 a4 46. Rxb4 Rxb4 47. axb4 Rc4 48. b5 g5 49. Rd3 Rb4 50. Ra3 f5 51. b6 Rxb6 52. Rxa4 Rb3+ 53. Ke2 Rxb2+ 54. Ke3 Rb3+ 55. Ke2 g4 56. Ra7 h5 57. Ra4 Ke4 58. Ra6 Rb2+ 59. Kf1 Kd5 60. Kg2 Rb7 61. h3 Re7 62. Ra4 Ke4 63. hxg4 hxg4 64. Rb4 Rd7 65. Rb6 Kd5 66. f3 Rg7 67. Kf2 gxf3 68. Kxf3 Rg4 69. Rb5+ Kxd4 70. Rb4+ Kd3 71. Rb6 e5 72. Rd6+ Kc4 73. Rf6 e4+ 74. Kf2 Rg5 75. Rd6 Kc5 76. Rd8 Kc6 77. Rf8 Kd6 78. Rd8+ Ke7 79. Rd5 Ke6 80. Ra5 Rg6 81. Ra8 Kf6 82. Rf8+ Kg5 83. Re8 Rg7 84. Rf8 Ra7 85. Rg8+ Kf6 86. Rf8+ Kg6 87. Rg8+ Kf7 88. Rg5 Ra2+ 89. Ke3 Ra3+ 90. Kf2 Ke6 91. Ke2 Rf3 92. Rg8 Ke5 93. Re8+ Kf6 94. Rg8 Ra3 95. Kf2 Kf7 96. Rg5 Ke6 97. Rg8 Ra6 98. Rg6+ 1-0

[Event "OLNO 2324 SC Kreuzberg - SC Empor Potsda"]
[Site "?"]
[Date "2024.04.14"]
[Round "8.5"]
[White "Bachmann, Volker"]
[Black "Strache, Michael"]
[Result "1/2-1/2"]
[WhiteElo "2064"]
[BlackElo "2221"]
[PlyCount "92"]
[EventDate "2024.??.??"]

1. d4 d5 2. c4 e6 3. Nc3 c5 4. cxd5 cxd4 5. Qxd4 Nc6 6. Qd1 exd5 7. e3 Nf6 8. Nf3 Bc5 9. Be2 O-O 10. O-O a6 11. a3 Ba7 12. Qc2 h6 13. Rd1 Be6 14. b4 Rc8 15. Bb2 Bb8 16. Rac1 Qd6 17. g3 Qe7 18. Qa4 Ne5 19. b5 Nc4 20. Ba1 Ba7 21. Nd4 h5 22. bxa6 bxa6 23. Qxa6 Ra8 24. Nc6 Qc5 25. Qb5 Nxe3 26. Nxa7 Qxa7 27. fxe3 Qxe3+ 28. Kg2 d4 29. Nb1 Bd5+ 30. Kf1 Qe4 31. Bxd4 Qh1+ 32. Kf2 Qxh2+ 33. Ke1 Rfe8 34. Nc3 Bf3 35. Rc2 Ng4 36. Qg5 f6 37. Qh4 Qg2 38. Rd3 Bxe2 39. Rxe2 Rxe2+ 40. Nxe2 Qe4 41. Qxh5 Re8 42. Rd2 Qb1+ 43. Rd1 Rxe2+ 44. Kxe2 Qe4+ 45. Kf1 Qf3+ 46. Ke1 Qe4+ 1/2-1/2

[Event "OLNO 2324 SC Kreuzberg - SC Empor Potsda"]
[Site "?"]
[Date "2024.04.14"]
[Round "8.6"]
[White "Dathe, Frederick"]
[Black "Piersig, Hans-Juergen"]
[Result "1-0"]
[WhiteElo "2206"]
[BlackElo "2083"]
[PlyCount "69"]
[EventDate "2024.??.??"]

1. c4 Nf6 2. g3 g6 3. Bg2 Bg7 4. Nc3 d6 5. e4 O-O 6. Nge2 c5 7. O-O Nc6 8. d3 Ne8 9. Be3 Nd4 10. Rb1 Nc7 11. b4 Nce6 12. Qd2 Rb8 13. Bh6 b6 14. Bxg7 Kxg7 15. Nxd4 Nxd4 16. Ne2 Nxe2+ 17. Qxe2 e5 18. f4 f6 19. f5 g5 20. h4 gxh4 21. Qg4+ Kh8 22. Qxh4 Rb7 23. b5 Rg7 24. Kf2 Rg5 25. Rh1 Rf7 26. Rh3 Qg8 27. Rbh1 Rg4 28. Qh6 Qg7 29. Qe3 Qg5 30. Qe2 Rg7 31. Rh5 Rf4+ 32. gxf4 Qxg2+ 33. Ke1 Qg3+ 34. Kd1 exf4 35. R5h3 1-0

[Event "OLNO 2324 SC Kreuzberg - SC Empor Potsda"]
[Site "?"]
[Date "2024.04.14"]
[Round "8.7"]
[White "Marwitz, Tino"]
[Black "Vogel, Constantin"]
[Result "0-1"]
[WhiteElo "1990"]
[BlackElo "2171"]
[PlyCount "68"]
[EventDate "2024.??.??"]

1. d4 Nf6 2. c4 e6 3. g3 c5 4. d5 exd5 5. cxd5 g6 6. Nc3 Bg7 7. Bg2 O-O 8. Nf3 d6 9. O-O Na6 10. e4 Re8 11. Nd2 Rb8 12. a4 Ng4 13. Nc4 Ne5 14. Nxe5 Bxe5 15. Nb5 Nb4 16. f4 Bg7 17. f5 a6 18. fxg6 hxg6 19. Nc3 c4 20. Qf3 Rf8 21. Bf4 Nd3 22. Nd1 Nxb2 23. Nxb2 Bxb2 24. Ra2 Bg7 25. Qa3 b5 26. Bxd6 Qb6+ 27. Bc5 Bd4+ 28. Bxd4 Qxd4+ 29. Kh1 b4 30. Qc1 c3 31. Raf2 b3 32. Rf6 b2 33. Qb1 c2 34. Qxc2 Qxf6 0-1

[Event "OLNO 2324 SC Kreuzberg - SC Empor Potsda"]
[Site "?"]
[Date "2024.04.14"]
[Round "8.8"]
[White "Holzapfel, Daniel"]
[Black "Krause, Marc"]
[Result "1-0"]
[WhiteElo "2242"]
[BlackElo "1768"]
[PlyCount "55"]
[EventDate "2024.??.??"]

1. d4 Nf6 2. Nf3 g6 3. c4 Bg7 4. Nc3 d5 5. cxd5 Nxd5 6. e4 Nxc3 7. bxc3 c5 8. Bb5+ Bd7 9. Bxd7+ Qxd7 10. O-O Nc6 11. d5 Na5 12. Be3 b6 13. Qd3 O-O 14. Bf4 Rfd8 15. Rfd1 Qa4 16. Be5 Qc4 17. Qe3 Qa4 18. Bxg7 Kxg7 19. h4 h5 20. e5 Qg4 21. Qe2 Nc4 22. Rd3 Rd7 23. e6 fxe6 24. dxe6 Rxd3 25. Qxd3 Qxe6 26. Re1 Qg8 27. Rxe7+ Kh8 28. Ng5 1-0

[Event "OLNO 2324 SC Weisse Dame - SG Güstrow-T"]
[Site "?"]
[Date "2024.04.14"]
[Round "8.1"]
[White "Luther, Alexander"]
[Black "Gelman, Josef"]
[Result "1/2-1/2"]
[WhiteElo "2061"]
[BlackElo "2078"]
[PlyCount "98"]
[EventDate "2024.??.??"]

1. d4 Nf6 2. c4 e6 3. Nc3 d5 4. cxd5 exd5 5. Bg5 Be7 6. e3 O-O 7. Bd3 c6 8. Qc2 h6 9. Bh4 Re8 10. Nge2 Ne4 11. Bxe7 Qxe7 12. O-O Nd7 13. Rae1 Ndf6 14. f3 Nxc3 15. Nxc3 c5 16. dxc5 Qxc5 17. Nb5 Qxc2 18. Bxc2 Re7 19. Kf2 Bd7 20. Nd4 Rae8 21. Re2 g5 22. Bb3 g4 23. Rc1 Re5 24. Rc7 gxf3 25. Nxf3 R5e7 26. Rxb7 Ng4+ 27. Kg1 Be6 28. Rxe7 Rxe7 29. h3 Nf6 30. Nd4 Ne4 31. Rc2 Rb7 32. Kf1 Kg7 33. Ke2 Kf6 34. Rc6 Ke7 35. Ra6 Bd7 36. Rxh6 a5 37. Nc6+ Bxc6 38. Rxc6 a4 39. Bxd5 Rxb2+ 40. Kf3 Nf6 41. Bc4 Nd7 42. Kf4 Rxg2 43. Ra6 Rf2+ 44. Kg3 Rc2 45. Rxa4 Ne5 46. Bb5 Rc3 47. Kf4 Ng6+ 48. Kf3 Ne5+ 49. Ke4 Rc4+ 1/2-1/2

[Event "OLNO 2324 SC Weisse Dame - SG Güstrow-T"]
[Site "?"]
[Date "2024.04.14"]
[Round "8.2"]
[White "Moeller, Hendrik"]
[Black "Kiel, Bernd"]
[Result "0-1"]
[WhiteElo "2236"]
[BlackElo "1990"]
[PlyCount "68"]
[EventDate "2024.??.??"]

1. Nf3 Nf6 2. c4 g6 3. b3 Bg7 4. Bb2 O-O 5. e3 b6 6. Be2 Bb7 7. O-O c5 8. d4 cxd4 9. Qxd4 Nc6 10. Qc3 Rc8 11. Rd1 Na5 12. Qe1 Qc7 13. Nc3 Rfd8 14. Rac1 Qb8 15. h3 d5 16. cxd5 Nxd5 17. Nxd5 Rxd5 18. Bxg7 Kxg7 19. Rxc8 Qxc8 20. Rc1 Qd7 21. Qc3+ f6 22. b4 Nc6 23. a3 Rd6 24. Qa1 Qf5 25. b5 Na5 26. Rc7 Qe4 27. Qc3 Kf7 28. Qb4 Qd5 29. Qh4 h5 30. Qb4 Rd7 31. Rxd7 Qxd7 32. Nd4 e5 33. Bc4+ Nxc4 34. Qxc4+ Bd5 0-1

[Event "OLNO 2324 SC Weisse Dame - SG Güstrow-T"]
[Site "?"]
[Date "2024.04.14"]
[Round "8.3"]
[White "Scharf, Christian"]
[Black "Waldmann, Hans-Joachim"]
[Result "0-1"]
[WhiteElo "1829"]
[BlackElo "2273"]
[PlyCount "66"]
[EventDate "2024.??.??"]

1. e4 c5 2. Nf3 a6 3. c4 e6 4. Nc3 d6 5. d4 cxd4 6. Nxd4 Nf6 7. Be3 Be7 8. Be2 Qc7 9. Qd2 b6 10. f3 Bb7 11. g4 Nfd7 12. g5 O-O 13. Rg1 Re8 14. a3 Nc6 15. Nxc6 Bxc6 16. h4 Nc5 17. Qc2 Bf8 18. O-O-O Rab8 19. Kb1 Rec8 20. h5 Be8 21. g6 fxg6 22. hxg6 Bxg6 23. Rxg6 hxg6 24. Bxc5 Qxc5 25. e5 Qxe5 26. Bd3 b5 27. Bxg6 bxc4 28. Rh1 d5 29. Qg2 Bxa3 30. Na4 Bxb2 31. Nxb2 Rxb2+ 32. Qxb2 Rb8 33. Bf7+ Kxf7 0-1

[Event "OLNO 2324 SC Weisse Dame - SG Güstrow-T"]
[Site "?"]
[Date "2024.04.14"]
[Round "8.4"]
[White "Bashtavy, Anton"]
[Black "Gebert-Vangeel, Ralf"]
[Result "1-0"]
[WhiteElo "2024"]
[BlackElo "1980"]
[PlyCount "117"]
[EventDate "2024.??.??"]

1. d4 d5 2. c4 c6 3. Nc3 e6 4. e3 Nd7 5. Qc2 Ngf6 6. Nf3 Be7 7. b3 O-O 8. Bd3 Re8 9. O-O Bd6 10. e4 dxe4 11. Nxe4 Nxe4 12. Bxe4 Nf8 13. Bb2 f6 14. Rad1 Qa5 15. d5 cxd5 16. cxd5 e5 17. Nd2 Bg4 18. Rc1 b5 19. Bc3 Qb6 20. h3 Bd7 21. b4 Rac8 22. Qb1 Rc7 23. Nb3 Rc4 24. Na5 Rcc8 25. a3 Re7 26. Bd2 Rf7 27. Rxc8 Bxc8 28. Be3 Qa6 29. Rc1 Bd7 30. Bf5 Bxf5 31. Qxf5 Rc7 32. Rc6 Rxc6 33. dxc6 Bc7 34. Qd3 Qc8 35. Qxb5 Ne6 36. Bxa7 Qd8 37. Qc4 Kf7 38. Nb7 Qd1+ 39. Kh2 e4+ 40. g3 Qf3 41. Qa2 Ke7 42. Qd2 Qd3 43. Be3 Nd4 44. Qxd3 exd3 45. Kg2 Nc2 46. Kf3 Nxa3 47. Nc5 Kd6 48. Bf4+ Kxc6 49. Bxc7 Kxc7 50. Nxd3 Kd6 51. Ke4 Nb5 52. g4 Nc3+ 53. Kf5 Nb5 54. Nf4 Nc7 55. Nh5 Ne8 56. Nxg7 Nxg7+ 57. Kxf6 Ne6 58. b5 Nf4 59. h4 1-0

[Event "OLNO 2324 SC Weisse Dame - SG Güstrow-T"]
[Site "?"]
[Date "2024.04.14"]
[Round "8.5"]
[White "Dettmann, Gerd"]
[Black "Zhou, Lepu Coco"]
[Result "1-0"]
[WhiteElo "2102"]
[BlackElo "1968"]
[PlyCount "81"]
[EventDate "2024.??.??"]

1. e4 c5 2. Nf3 e6 3. Nc3 Nc6 4. Bb5 Nd4 5. Bc4 a6 6. a4 Ne7 7. O-O g6 8. Re1 Bg7 9. d3 O-O 10. Bg5 Re8 11. e5 Qc7 12. Ne4 Nxf3+ 13. Qxf3 Bxe5 14. Nf6+ Bxf6 15. Qxf6 Qd8 16. Re5 Nc6 17. Rxc5 Qxf6 18. Bxf6 d5 19. Bb3 Bd7 20. a5 Rac8 21. Ra4 d4 22. f4 e5 23. fxe5 Nxe5 24. Rxe5 Bxa4 25. Bxa4 Rxe5 26. Bxe5 Rc5 27. Bxd4 Rxa5 28. Bb3 Ra1+ 29. Kf2 a5 30. Bd5 Rc1 31. c4 Rc2+ 32. Ke3 b6 33. Bxb6 Rxb2 34. Bxa5 Kf8 35. c5 Ke7 36. Bc3 Rc2 37. Kd4 f5 38. c6 g5 39. Bb4+ Ke8 40. Ba5 Ke7 41. c7 1-0

[Event "OLNO 2324 SC Weisse Dame - SG Güstrow-T"]
[Site "?"]
[Date "2024.04.14"]
[Round "8.6"]
[White "Uhl, Heinz"]
[Black "Waschk, Armin"]
[Result "1-0"]
[WhiteElo "2115"]
[BlackElo "2095"]
[PlyCount "101"]
[EventDate "2024.??.??"]

1. c4 Nf6 2. Nc3 e6 3. e4 d6 4. d4 c5 5. dxc5 Qa5 6. Bd3 Qxc5 7. Nf3 Bd7 8. O-O Be7 9. Be3 Qh5 10. Ne2 Nc6 11. a3 Ng4 12. Bf4 Nce5 13. Nxe5 dxe5 14. Bg3 Bc6 15. Nc3 Rd8 16. b4 b6 17. Qc2 O-O 18. h3 Nf6 19. Rad1 Nd7 20. f3 a5 21. Qb2 Bh4 22. Bxh4 Qxh4 23. Qf2 Qxf2+ 24. Rxf2 axb4 25. axb4 Ra8 26. Bc2 Nf6 27. b5 Bd7 28. g4 h6 29. Na4 Rab8 30. Rd6 Rfc8 31. Nxb6 Rc7 32. Bd3 Be8 33. Ra2 Kf8 34. Ra8 Rbb7 35. Na4 Ke7 36. Rda6 Nd7 37. b6 Rc6 38. c5 Nxc5 39. Rxe8+ Kxe8 40. Bb5 Rd7 41. Nxc5 Rxc5 42. Ra8+ Ke7 43. Bxd7 Rc1+ 44. Kf2 Rb1 45. Ra7 Rxb6 46. h4 Rb8 47. g5 hxg5 48. hxg5 Rd8 49. Bc6+ Kf8 50. g6 fxg6 51. Ra8 1-0

[Event "OLNO 2324 SC Weisse Dame - SG Güstrow-T"]
[Site "?"]
[Date "2024.04.14"]
[Round "8.7"]
[White "Fidorra, Thomas"]
[Black "Mahn, Franko"]
[Result "1-0"]
[WhiteElo "2089"]
[BlackElo "2145"]
[PlyCount "29"]
[EventDate "2024.??.??"]

1. e4 e6 2. d4 d5 3. Nd2 Nc6 4. Ngf3 Nf6 5. e5 Nd7 6. c4 dxc4 7. Nxc4 Nb6 8. a3 Be7 9. Bd3 Nxd4 10. Nxd4 Qxd4 11. Nd6+ Kf8 12. Nxf7 Qd5 13. Nxh8 Qxg2 14. Rf1 Kg8 15. Qh5 1-0

[Event "OLNO 2324 SC Weisse Dame - SG Güstrow-T"]
[Site "?"]
[Date "2024.04.14"]
[Round "8.8"]
[White "Gross, Thorsten"]
[Black "Dettmann, Holger"]
[Result "1-0"]
[WhiteElo "2130"]
[BlackElo "1971"]
[PlyCount "113"]
[EventDate "2024.??.??"]

1. d4 d5 2. c4 e6 3. Nc3 Nf6 4. Bg5 Be7 5. cxd5 exd5 6. e3 O-O 7. Bd3 b6 8. Bxf6 Bxf6 9. Qh5 g6 10. Qxd5 Ba6 11. Qxa8 Bxd3 12. Rd1 Bc4 13. Qf3 c5 14. Nge2 cxd4 15. exd4 Re8 16. O-O Na6 17. b3 Bxe2 18. Nxe2 Nb4 19. Rd2 Bg5 20. Rb2 Bf6 21. Qc3 Qd6 22. Qg3 Qd8 23. a3 Nd5 24. h3 Be7 25. b4 Bd6 26. Qd3 Bb8 27. Rd1 Qd6 28. Ng3 h5 29. Re2 Rd8 30. Rde1 Nf6 31. Nf1 Kg7 32. d5 Rf8 33. Qd4 Kh7 34. Rc2 Ng8 35. Rc6 Qd7 36. Qe4 Bd6 37. Qf3 Ne7 38. Rc2 Nf5 39. Qd3 Bb8 40. Qc4 Nd6 41. Qc6 Qf5 42. Rce2 Qf4 43. Qd7 Kg8 44. Rc2 Qd4 45. Rd2 Qc3 46. Re3 Qa1 47. Rc2 Qd4 48. Qc6 Kh7 49. Qc3 Qxd5 50. Qd3 Qg5 51. Rg3 Qe5 52. Rf3 Qg5 53. Qe3 Qb5 54. Rd2 Kg8 55. Qd4 Qa4 56. Qd5 Kg7 57. Qe5+ 1-0

[Event "OLNO 2324 Forster SC 95 - Mattnetz Berli"]
[Site "?"]
[Date "2024.04.14"]
[Round "8.1"]
[White "Hesse, Henrik"]
[Black "Aliavdin, Nikolai"]
[Result "1/2-1/2"]
[WhiteElo "2303"]
[BlackElo "2323"]
[PlyCount "122"]
[EventDate "2024.??.??"]

1. c4 e5 2. g3 Nf6 3. Bg2 d5 4. cxd5 Nxd5 5. Nc3 Nb6 6. Nf3 Nc6 7. d3 Be7 8. a3 a5 9. O-O O-O 10. Be3 Be6 11. Rc1 f5 12. Na4 Nxa4 13. Qxa4 Bf6 14. Qb5 Rb8 15. Rfd1 Rf7 16. Nd2 Nd4 17. Bxd4 c6 18. Qc5 exd4 19. Nc4 a4 20. Re1 Be7 21. Qe5 Rf6 22. e3 dxe3 23. Qxe3 Bf8 24. f4 Bd5 25. Nb6 Bb3 26. Nc4 c5 27. Ne5 Bd5 28. d4 Bxg2 29. Kxg2 cxd4 30. Qf3 h6 31. Rc4 Rd6 32. Rec1 d3 33. Rd1 d2 34. Rxa4 b5 35. Qb3+ Kh7 36. Ra5 Rd4 37. Kh3 Qe8 38. Qf3 Rbd8 39. Rxb5 Qe6 40. Qh5 Re4 41. Nf3 Kg8 42. Qxf5 Qxf5+ 43. Rxf5 Re2 44. Rb5 Rd3 45. Rxd2 Rdxd2 46. Nxd2 Rxd2 47. a4 Rd4 48. a5 Ra4 49. Kg4 Be7 50. Kf5 Kf7 51. b3 Ra2 52. h4 Bd8 53. b4 Be7 54. Ke5 Ra4 55. Rb7 Rxb4 56. Rxb4 Bxb4 57. a6 Bc5 58. h5 Bf2 59. g4 Bg1 60. Kf5 Bf2 61. Ke5 Be3 1/2-1/2

[Event "OLNO 2324 Forster SC 95 - Mattnetz Berli"]
[Site "?"]
[Date "2024.04.14"]
[Round "8.2"]
[White "Kleeschaetzky, Rainer"]
[Black "Tscheuschner, Georg"]
[Result "1/2-1/2"]
[WhiteElo "2219"]
[BlackElo "2256"]
[PlyCount "119"]
[EventDate "2024.??.??"]

1. e4 c5 2. c3 d5 3. exd5 Qxd5 4. d4 g6 5. Be3 cxd4 6. Qxd4 Qxd4 7. Bxd4 Nf6 8. Nf3 Nc6 9. Be3 Bg7 10. Be2 O-O 11. h3 Nd5 12. Bc1 Rb8 13. O-O b5 14. Rd1 e6 15. Nd4 Nxd4 16. cxd4 b4 17. a3 a5 18. axb4 axb4 19. Bf3 Rb5 20. Ra8 Bb7 21. Rxf8+ Kxf8 22. Be3 f5 23. Bc1 Ne7 24. Be2 Rd5 25. Be3 Rd8 26. Nd2 Nd5 27. Nc4 f4 28. Bc1 Ba6 29. Kf1 Rc8 30. b3 Nc3 31. Rd2 Nxe2 32. Kxe2 Bxc4+ 33. bxc4 Rxc4 34. Bb2 Rc8 35. Kd3 Ke7 36. Ke4 Kd6 37. h4 Rc4 38. g4 fxg3 39. fxg3 e5 40. Kd3 Rc7 41. dxe5+ Ke6 42. Re2 b3 43. Bd4 Rc1 44. Ke4 Rc2 45. Re3 Rc4 46. Rxb3 Bxe5 47. Rb6+ Bd6 48. g4 Rc1 49. h5 Re1+ 50. Kf3 Kd5 51. Bf2 Rf1 52. Rb5+ Ke6 53. Kg2 Rc1 54. Rb7 Rc4 55. Kh3 Rf4 56. Rb2 Kf6 57. Bg3 Rf3 58. Rf2 Rxf2 59. Bxf2 gxh5 60. gxh5 1/2-1/2

[Event "OLNO 2324 Forster SC 95 - Mattnetz Berli"]
[Site "?"]
[Date "2024.04.14"]
[Round "8.3"]
[White "Petersen, Marcel"]
[Black "Jagodzinski, Piotr"]
[Result "1-0"]
[WhiteElo "2138"]
[BlackElo "2176"]
[PlyCount "75"]
[EventDate "2024.??.??"]

1. e4 c6 2. d4 d5 3. exd5 cxd5 4. c4 Nf6 5. Nc3 e6 6. Nf3 Be7 7. cxd5 Nxd5 8. Bd3 Nc6 9. O-O O-O 10. Re1 a6 11. a3 Nf6 12. Bg5 h6 13. Be3 b5 14. Qd2 Re8 15. Rad1 Bf8 16. b4 Ne7 17. Ne4 Nxe4 18. Bxe4 Nd5 19. Ne5 Bb7 20. Rc1 f5 21. Bf3 Qf6 22. Nd7 Qf7 23. Nxf8 Rxf8 24. Bf4 Rfd8 25. Be5 Rac8 26. Bxd5 Bxd5 27. Re3 Kh7 28. Rg3 g5 29. h4 gxh4 30. Rgc3 Rc4 31. Rxc4 bxc4 32. a4 Qb7 33. Bf4 Bxg2 34. Rxc4 Rd7 35. Qc3 Bh3 36. Rc6 Qa8 37. d5 Rxd5 38. Rc7+ 1-0

[Event "OLNO 2324 Forster SC 95 - Mattnetz Berli"]
[Site "?"]
[Date "2024.04.14"]
[Round "8.4"]
[White "Bielinski, Dariusz"]
[Black "Fartmann, Oliver"]
[Result "1-0"]
[WhiteElo "2135"]
[BlackElo "2085"]
[PlyCount "95"]
[EventDate "2024.??.??"]

1. d4 Nf6 2. c4 g6 3. Nc3 Bg7 4. e4 d6 5. Nf3 O-O 6. Be2 e5 7. d5 a5 8. Bg5 h6 9. Bh4 Na6 10. Nd2 Bd7 11. O-O Nc5 12. Qc2 Qe8 13. b3 Nh7 14. a3 h5 15. f3 Bh6 16. Rab1 f5 17. b4 axb4 18. axb4 Na6 19. Bf2 Bxd2 20. Qxd2 f4 21. c5 g5 22. c6 Bc8 23. Ra1 Qe7 24. b5 b6 25. Rxa6 Bxa6 26. bxa6 Kh8 27. Ra1 Rg8 28. h3 Nf6 29. Kf1 g4 30. hxg4 hxg4 31. fxg4 Qh7 32. Qd3 f3 33. Bxf3 Qh1+ 34. Bg1 Raf8 35. Ke2 Nxg4 36. Rf1 Nh2 37. Bxh2 Qxh2 38. Rf2 Qg1 39. Nd1 Rg7 40. Kd2 Rh7 41. Qf1 Qh2 42. Ne3 Qg3 43. Kd3 Rh2 44. a7 Qh4 45. Ra2 Ra8 46. Nf5 Qh7 47. Ra1 Kg8 48. Qe1 1-0

[Event "OLNO 2324 Forster SC 95 - Mattnetz Berli"]
[Site "?"]
[Date "2024.04.14"]
[Round "8.5"]
[White "Pererva, Viktor"]
[Black "Pryvalov, Ivan"]
[Result "0-1"]
[WhiteElo "2060"]
[BlackElo "2073"]
[PlyCount "84"]
[EventDate "2024.??.??"]

1. c4 e5 2. g3 Nf6 3. Bg2 c6 4. Nf3 d6 5. Nc3 Be7 6. O-O O-O 7. d4 Nbd7 8. e4 Re8 9. Re1 Bf8 10. h3 a6 11. d5 cxd5 12. cxd5 b5 13. b4 Nb6 14. a4 bxa4 15. Nxa4 Bd7 16. Nxb6 Qxb6 17. Bd2 Bb5 18. Bf1 Bxf1 19. Kxf1 Rec8 20. Qb1 Qb5+ 21. Kg2 Rc4 22. Ra5 Qb7 23. Qa2 Rac8 24. Rxa6 Nxe4 25. Qa5 Nf6 26. b5 Qxd5 27. b6 R8c5 28. Qa2 e4 29. Rb1 exf3+ 30. Kg1 Qh5 31. Ra8 Qxh3 32. Rxf8+ Kxf8 33. Qa8+ Rc8 34. Qxf3 Qd7 35. b7 Rb8 36. Bf4 Qc6 37. Qb3 Rxf4 38. gxf4 Qe4 39. Qb6 Qe7 40. Qc6 Qd7 41. Qa6 Qc7 42. Rb6 Ne4 0-1

[Event "OLNO 2324 Forster SC 95 - Mattnetz Berli"]
[Site "?"]
[Date "2024.04.14"]
[Round "8.6"]
[White "Dabrowski, Grzegorz"]
[Black "Pixa, Richard"]
[Result "1/2-1/2"]
[WhiteElo "2100"]
[BlackElo "2042"]
[PlyCount "76"]
[EventDate "2024.??.??"]

1. e4 e6 2. d4 d5 3. exd5 exd5 4. Nf3 Bd6 5. Bd3 Nc6 6. c3 Bg4 7. O-O Nge7 8. Nbd2 Qd7 9. Qc2 O-O-O 10. b4 f6 11. b5 Na5 12. Re1 Kb8 13. Qa4 b6 14. Ba3 g5 15. Bxd6 Qxd6 16. Qc2 Ng6 17. Re3 Nf4 18. Bf5 Bxf5 19. Qxf5 g4 20. Nh4 Rhg8 21. g3 Nh3+ 22. Kg2 Ng5 23. Qxg4 f5 24. Nxf5 Qf6 25. h4 Rdf8 26. hxg5 Rxg5 27. Qh4 Nc4 28. Nxc4 Qxf5 29. Qxg5 Qxg5 30. Ne5 Kb7 31. Rae1 h5 32. Nc6 h4 33. Re8 h3+ 34. Kg1 Qf5 35. Nd8+ Kc8 36. Nc6+ Kb7 37. Nd8+ Kc8 38. Nc6+ Kb7 1/2-1/2

[Event "OLNO 2324 Forster SC 95 - Mattnetz Berli"]
[Site "?"]
[Date "2024.04.14"]
[Round "8.7"]
[White "Doering, Andre Patrick"]
[Black "Stahr, Ralf-Peter"]
[Result "0-1"]
[WhiteElo "1897"]
[BlackElo "2055"]
[PlyCount "60"]
[EventDate "2024.??.??"]

1. d4 Nf6 2. c4 e6 3. Nf3 d5 4. Nc3 Be7 5. Bf4 c6 6. e3 O-O 7. Bd3 Nbd7 8. O-O Nh5 9. Bg3 Nxg3 10. hxg3 dxc4 11. Bxc4 c5 12. dxc5 Nxc5 13. Qxd8 Rxd8 14. Rfd1 Bd7 15. Rd2 a6 16. a4 Be8 17. Kf1 Rxd2 18. Nxd2 Rc8 19. b3 Nxb3 20. Bxb3 Rxc3 21. Ke2 Kf8 22. Rb1 Rc5 23. Bc4 Rc7 24. Bb3 Bc6 25. f3 b5 26. Rh1 g6 27. e4 Bd6 28. f4 Bb4 29. Rg1 Bxd2 30. Kxd2 Bxe4 0-1

[Event "OLNO 2324 Forster SC 95 - Mattnetz Berli"]
[Site "?"]
[Date "2024.04.14"]
[Round "8.8"]
[White "Szylko, Waldemar"]
[Black "Lange, Malina"]
[Result "0-1"]
[WhiteElo "1948"]
[BlackElo "1834"]
[PlyCount "112"]
[EventDate "2024.??.??"]

1. e4 c5 2. Nc3 d6 3. d3 Nc6 4. g3 g6 5. Be3 Bg7 6. Bg2 Rb8 7. Qd2 b5 8. f4 b4 9. Nd1 Bb7 10. Nf3 Ba8 11. O-O Nd4 12. h3 e6 13. g4 Ne7 14. c3 Nxf3+ 15. Bxf3 O-O 16. cxb4 Rxb4 17. Nc3 Qb6 18. b3 Nc6 19. Rac1 Nd4 20. Bg2 Rc8 21. f5 exf5 22. gxf5 gxf5 23. Bh6 Bxh6 24. Qxh6 d5 25. Qxb6 Rxb6 26. exd5 Rg6 27. Kh2 f6 28. Rce1 Rg7 29. Re3 Kh8 30. Rg3 Re8 31. Rxg7 Kxg7 32. Rf2 Re3 33. Rd2 f4 34. Bh1 f3 35. Kg3 f5 36. Kf2 f4 37. Rd1 Kf6 38. h4 Bb7 39. h5 Ba8 40. h6 Ke5 41. Re1 Rxe1 42. Kxe1 Bxd5 43. Kf2 Bc6 44. Nb1 Kf5 45. Nd2 Kg5 46. Bxf3 Bxf3 47. Nxf3+ Nxf3 48. Kxf3 Kxh6 49. d4 cxd4 50. b4 Kg5 51. a4 Kf5 52. b5 Ke5 53. a5 Kd6 54. Kxf4 Kc5 55. b6 axb6 56. axb6 Kxb6 0-1

[Event "OLNO 2324 SF Berlin II - SK König Tegel"]
[Site "?"]
[Date "2024.04.14"]
[Round "8.1"]
[White "Bruedigam, Martin"]
[Black "Florstedt, Johannes"]
[Result "1-0"]
[WhiteElo "2372"]
[BlackElo "2343"]
[PlyCount "105"]
[EventDate "2024.??.??"]

1. e4 c5 2. Nf3 d6 3. Bb5+ Bd7 4. Bxd7+ Nxd7 5. O-O Ngf6 6. Qe2 e6 7. c3 Be7 8. d4 O-O 9. e5 Ne8 10. Rd1 Rc8 11. Bf4 Qc7 12. Na3 a6 13. Nc4 Nb6 14. dxc5 Nxc4 15. cxd6 Nexd6 16. exd6 Bxd6 17. Bxd6 Nxd6 18. Rd4 Nf5 19. Rd2 h6 20. Rad1 Rfd8 21. Rxd8+ Rxd8 22. Rxd8+ Qxd8 23. h3 Ne7 24. c4 Nc6 25. Ne5 Qd4 26. Nxc6 bxc6 27. b4 Qc3 28. b5 axb5 29. cxb5 cxb5 30. Qxb5 Qa1+ 31. Kh2 Qxa2 32. Qe8+ Kh7 33. Qxf7 Qd5 34. Qf4 Qf5 35. Kg3 g5 36. Qxf5+ exf5 37. Kf3 Kg6 38. Ke3 Kf6 39. Kd4 h5 40. Kd5 h4 41. Kd6 f4 42. f3 Kf5 43. Ke7 Ke5 44. Kf7 Kd4 45. Ke6 g4 46. fxg4 Ke3 47. g5 Kf2 48. Kf5 Kxg2 49. Kxf4 Kxh3 50. g6 Kg2 51. g7 h3 52. g8=Q+ Kh1 53. Kg3 1-0

[Event "OLNO 2324 SF Berlin II - SK König Tegel"]
[Site "?"]
[Date "2024.04.14"]
[Round "8.2"]
[White "Lauber, Arnd"]
[Black "Rietze, Clemens"]
[Result "1/2-1/2"]
[WhiteElo "2408"]
[BlackElo "2367"]
[PlyCount "58"]
[EventDate "2024.??.??"]

1. d4 d5 2. c4 e6 3. Nc3 Bb4 4. a3 Bxc3+ 5. bxc3 c6 6. a4 Ne7 7. e3 O-O 8. Bd3 b6 9. cxd5 cxd5 10. Qe2 Qc7 11. Bb2 Nbc6 12. Nf3 Nf5 13. O-O Na5 14. Ba3 Rd8 15. Nd2 Bd7 16. e4 dxe4 17. Nxe4 Bc6 18. Qg4 Bxe4 19. Bxe4 Rac8 20. Bxf5 exf5 21. Qxf5 Nb3 22. Rad1 Qxc3 23. d5 Nd4 24. Qe4 Ne2+ 25. Qxe2 Qxa3 26. Qe4 h6 27. Rd3 Qd6 28. Rfd1 Rc7 29. Qd4 Rcd7 1/2-1/2

[Event "OLNO 2324 SF Berlin II - SK König Tegel"]
[Site "?"]
[Date "2024.04.14"]
[Round "8.3"]
[White "Rabiega, Robert"]
[Black "Poltorak, Sebastian"]
[Result "1-0"]
[WhiteElo "2466"]
[BlackElo "2385"]
[PlyCount "57"]
[EventDate "2024.??.??"]

1. e4 c6 2. d4 d5 3. Nd2 dxe4 4. Nxe4 Bf5 5. Ng3 Bg6 6. h4 h6 7. Nf3 e6 8. Ne5 Bh7 9. Bd3 Bxd3 10. Qxd3 Qa5+ 11. Bd2 Bb4 12. c3 Be7 13. Nh5 Bf6 14. Qg3 Rh7 15. Qd3 g6 16. Nxf6+ Nxf6 17. h5 g5 18. f4 gxf4 19. O-O Qd5 20. Rxf4 Rg7 21. Rf3 Qe4 22. Bxh6 Qxd3 23. Nxd3 Nxh5 24. Bxg7 Nxg7 25. Ne5 f5 26. Rh3 Nd7 27. Rh7 Nxe5 28. Rxg7 Nf7 29. Rg8+ 1-0

[Event "OLNO 2324 SF Berlin II - SK König Tegel"]
[Site "?"]
[Date "2024.04.14"]
[Round "8.4"]
[White "Polzin, Rainer"]
[Black "Richter, Michael"]
[Result "1/2-1/2"]
[WhiteElo "2402"]
[BlackElo "2430"]
[PlyCount "89"]
[EventDate "2024.??.??"]

1. e4 c6 2. d4 d5 3. e5 Bf5 4. Nd2 e6 5. Nb3 Nd7 6. Nf3 Qc7 7. Bf4 Ne7 8. Be2 Ng6 9. Bg3 Be7 10. O-O h5 11. h3 h4 12. Bh2 a6 13. a4 a5 14. Re1 Qb6 15. Ra2 O-O 16. Nbd2 f6 17. exf6 Bxf6 18. c3 e5 19. dxe5 Ndxe5 20. Nd4 Nd3 21. Bxd3 Bxd3 22. Re3 Bxd4 23. cxd4 Be4 24. Nf3 Rae8 25. Ne5 Qd8 26. Qh5 Qf6 27. b3 c5 28. Nxg6 Bxg6 29. Qxd5+ Bf7 30. Qxc5 Rxe3 31. fxe3 Bxb3 32. Ra1 Qf2+ 33. Kh1 Qxe3 34. Bd6 Rf7 35. Qc8+ Kh7 36. Qg4 Qh6 37. Be5 Bd5 38. Bxg7 Bxg2+ 39. Qxg2 Rxg7 40. Qe4+ Qg6 41. Qxh4+ Kg8 42. Qd8+ Kh7 43. Qh4+ Kg8 44. Qd8+ Kh7 45. Qh4+ 1/2-1/2